| 000 | 00535nam a2200217Ia 4500 | ||
|---|---|---|---|
| 003 | OSt | ||
| 005 | 20221222163005.0 | ||
| 008 | 210210b2015 xxu||||| |||| 00| 0 eng d | ||
| 020 | _a9789381195710 | ||
| 040 | _cAL | ||
| 041 | _aEnglish | ||
| 082 | _a940.27 RAIH | ||
| 100 |
_aRAI (Suresh K) _967669 |
||
| 245 | _aHistory of Europe: AD 1789-1990 | ||
| 260 |
_aMangaluru _bUnited Publishers, _c2015 |
||
| 300 | _avi,238 | ||
| 650 |
_aV SEM BA _967670 |
||
| 690 |
_aEuropean History _967671 |
||
| 906 | _a073467 | ||
| 942 |
_2ddc _cBK |
||
| 999 |
_c123287 _d123287 |
||